<?xml version="1.0" encoding="UTF-8"?>
<marc:record xmlns:marc="http://www.loc.gov/MARC21/slim">
   <marc:leader>00000nam a2200000 a 4500</marc:leader>
   <marc:datafield ind1="1" ind2=" " tag="100">
      <marc:subfield code="a">Albertalli, Becky</marc:subfield>
      <marc:subfield code="4">aut</marc:subfield>
      <marc:subfield code="e">Verfasser/-in</marc:subfield>
   </marc:datafield>
   <marc:datafield ind1=" " ind2=" " tag="653">
      <marc:subfield code="a">Jugendroman</marc:subfield>
   </marc:datafield>
   <marc:datafield ind1=" " ind2=" " tag="653">
      <marc:subfield code="a">Freundschaft</marc:subfield>
   </marc:datafield>
   <marc:datafield ind1=" " ind2=" " tag="653">
      <marc:subfield code="a">Homosexualität</marc:subfield>
   </marc:datafield>
   <marc:datafield ind1=" " ind2=" " tag="653">
      <marc:subfield code="a">Verfilmung</marc:subfield>
   </marc:datafield>
   <marc:datafield ind1=" " ind2=" " tag="653">
      <marc:subfield code="a">Erwachsenwerden</marc:subfield>
   </marc:datafield>
   <marc:datafield ind1="0" ind2="0" tag="245">
      <marc:subfield code="a">Love, Simon</marc:subfield>
   </marc:datafield>
   <marc:datafield ind1=" " ind2="1" tag="264">
      <marc:subfield code="b">Carlsen</marc:subfield>
   </marc:datafield>
   <marc:datafield ind1="1" ind2=" " tag="520">
      <marc:subfield code="a">Angaben aus der Verlagsmeldung        Love, Simon (Filmausgabe) Simon vs. the Homo Sapiens Agenda / von Becky Albertalli           Gewinner des Deutschen Jugendliteraturpreises 2017! (Jugendjury)       Am 29. März 2018 kommt der preisgekrönte Roman »Nur drei Worte« unter dem Titel »Love, Simon« ins Kino. In den Hauptrollen: Nick Robinson (Jurassic World) und Katherine Langford (Tote Mädchen lügen nicht).     »Dieses Buch hat mir ein breites Grinsen aufs Gesicht gezaubert. Mein Herz ist zehnmal größer geworden. Ich bin wahrscheinlich ein besserer, gesünderer und glücklicherer Mensch, seitdem ich es gelesen habe.« (Leserstimme auf Goodreads)     Was Simon über Blue weiß: Er ist witzig, sehr weise, aber auch ein bisschen schüchtern. Und ganz schön verwirrend. Was Simon nicht über Blue weiß: WER er ist. Die beiden gehen auf dieselbe Schule und schon seit Monaten tauschen sie E-Mails aus, in denen sie sich die intimsten Dinge gestehen. Simon spürt, dass er sich langsam, aber sicher in Blue verliebt, doch der ist noch nicht bereit, sich mit Simon zu treffen. Dann fällt eine der E-Mails in falsche Hände  und plötzlich steht Simons Leben Kopf.     Die schönste Liebesgeschichte aller Zeiten  Herzchenaugen und Dauergrinsen garantiert!</marc:subfield>
   </marc:datafield>
   <marc:datafield ind1="3" ind2=" " tag="024">
      <marc:subfield code="a">9783551317520</marc:subfield>
   </marc:datafield>
</marc:record>
